The state of the universe/ (Record no. 8409)

MARC details
000 -LEADER
fixed length control field 00487nam a22001697a 4500
003 - CONTROL NUMBER IDENTIFIER
control field OSt
005 - DATE AND TIME OF LATEST TRANSACTION
control field 20240612111639.0
008 - FIXED-LENGTH DATA ELEMENTS--GENERAL INFORMATION
fixed length control field 240612b |||||||| |||| 00| 0 eng d
020 ## - INTERNATIONAL STANDARD BOOK NUMBER
International Standard Book Number 9780753822562
040 ## - CATALOGING SOURCE
Original cataloging agency DDC
Transcribing agency MUST
100 ## - MAIN ENTRY--PERSONAL NAME
Personal name Ferreira, Pedro G.
9 (RLIN) 17098
245 ## - TITLE STATEMENT
Title The state of the universe/
Remainder of title A primer in modern cosmotology
260 ## - PUBLICATION, DISTRIBUTION, ETC. (IMPRINT)
Place of publication, distribution, etc. Great Britain
Name of publisher, distributor, etc. Weidenfels and Nicolson
Date of publication, distribution, etc. c2006
300 ## - PHYSICAL DESCRIPTION
Extent 320p.;
Other physical details ill:
Dimensions 19.5cm
650 ## - SUBJECT ADDED ENTRY--TOPICAL TERM
Topical term or geographic name as entry element Cosmotology
9 (RLIN) 17099
942 ## - ADDED ENTRY ELEMENTS (KOHA)
Source of classification or shelving scheme Dewey Decimal Classification
Koha item type Open Shelf
Holdings
Withdrawn status Lost status Source of classification or shelving scheme Damaged status Not for loan Home library Current library Source of acquisition Inventory number Total Checkouts Barcode Date last seen Koha item type
    Other/Generic Classification Scheme     MUST Main Library MUST Main Library Donation 09/31218   2024-20335 12/06/2024 Open Shelf